Colombia : Selected Issues and Statistical Appendix.

This Selected Issues paper provides background information and analysis on recent developments and critical issues for the Colombian economy. The study discusses the unemployment and stresses in the financial system and also focuses on fiscal issues. The following statistical data are presented in d...

Полное описание

Библиографические подробности
Соавтор: International Monetary Fund
Формат: Журнал
Язык:English
Опубликовано: Washington, D.C. : International Monetary Fund, 2001.
Серии:IMF Staff Country Reports; Country Report ; No. 2001/068
Online-ссылка:Full text available on IMF
LEADER 01619cas a2200241 a 4500
001 AALejournalIMF001519
008 230101c9999 xx r poo 0 0eng d
020 |c 5.00 USD 
020 |z 9781451808834 
022 |a 1934-7685 
040 |a BD-DhAAL  |c BD-DhAAL 
110 2 |a International Monetary Fund. 
245 1 0 |a Colombia :   |b Selected Issues and Statistical Appendix. 
264 1 |a Washington, D.C. :  |b International Monetary Fund,  |c 2001. 
300 |a 1 online resource (141 pages) 
490 1 |a IMF Staff Country Reports 
500 |a <strong>Off-Campus Access:</strong> No User ID or Password Required 
500 |a <strong>On-Campus Access:</strong> No User ID or Password Required 
506 |a Electronic access restricted to authorized BRAC University faculty, staff and students 
520 3 |a This Selected Issues paper provides background information and analysis on recent developments and critical issues for the Colombian economy. The study discusses the unemployment and stresses in the financial system and also focuses on fiscal issues. The following statistical data are presented in detail: national accounts at current prices and at constant prices, savings and investment, value of agricultural crops, mining production, structure of regular gasoline prices, indicators of construction activity, minimum wages, producer price index, interest rates, and so on. 
538 |a Mode of access: Internet 
830 0 |a IMF Staff Country Reports; Country Report ;  |v No. 2001/068 
856 4 0 |z Full text available on IMF  |u http://elibrary.imf.org/view/journals/002/2001/068/002.2001.issue-068-en.xml  |z IMF e-Library